Statistics for Parks and Rec Superfan Quiz 2

Click here to take the quiz!

General Stats

  • This quiz has been taken 73 times
  • The average score is 10 of 15

Answer Stats

QuestionAnswer% Correct
What car does Donna drive?Mercedes
97%
What is the name of the game Ben invents?Cones of Dunshire
96%
What name has Mr. Gergich not had: Larry, Barry, Harry, Gary, Jerry, Terry?Harry
87%
What color shirt does Ron wear after having sex?Red
85%
What city do all Pawneeians hate?Eagleton
84%
Andy loses an enormous amount of weight by cutting what out of his diet?Beer
76%
What is the name of Tom's annoying rich friend?Jean Ralphio
71%
What department does April official run?Animal Control
56%
What city was Ben the mayor of?Partridge, MN
56%
The competing company to Rent A Swag is called what?Tommy's Closet
51%
Who is the employee Andy is always mean to?Kyle
50%
Ron's favorite drink is what?Lagavulin
41%
What is the main name of Andy's band?Rat Mouse
37%
Whose jersey does April buy Andy?Reggie Wayne
34%
What is the name of Ron's construction companyVery Good Building
29%

Score Distribution

Percentile by Number Answered

Percent of People with Each Score

Your Score History

You have not taken this quiz